| 000 | 00669nam a2200241Ia 4500 | ||
|---|---|---|---|
| 005 | 20260429112231.0 | ||
| 008 | 260429s9999||||xx |||||||||||||| ||und|| | ||
| 020 | _a9781260462074 | ||
| 041 | _aEnglish | ||
| 082 |
_a005.268 _bJAN |
||
| 100 | _aJang, Michael | ||
| 245 | 0 |
_aRHCSA : _bred hat enterprise Linux 9 certification study guide / _cMichael Jang |
|
| 250 | _a8th ed. | ||
| 260 |
_aUnited States : _bMc Graw Hill, _c2024. |
||
| 300 | _axxxv, 490 p.; pbk | ||
| 650 | _a Computer programming | ||
| 650 | _a Linux | ||
| 650 | _a Operating systems | ||
| 650 | _a Red hat | ||
| 650 | _aComputer science | ||
| 700 | _a Orsaria, Alessandro | ||
| 942 | _cTB | ||
| 999 |
_c53033 _d53033 |
||